| 000 | 00360nam a22001217a 4500 | ||
|---|---|---|---|
| 082 |
_a342.5491068 _bCHA |
||
| 100 | _aChaudhary, Ehsan-ul-haq | ||
| 245 |
_aManual of Civil Services Laws in Pakistan / _cEhsan-ul-haq Chaudhary |
||
| 260 |
_aIslamabad : _bManzoor Law Book House, _c2015. |
||
| 300 |
_a1525 p. ; _c25 cm. |
||
| 563 | _aHB. | ||
| 942 |
_2ddc _cBK |
||
| 999 |
_c616038 _d616038 |
||